书目信息 |
| 题名: |
实用化学清洗技术
|
|
| 作者: | 窦照英 编著 | |
| 分册: | ||
| 出版信息: | 北京 化学工业出版社 1998 |
|
| 页数: | 177 | |
| 开本: | 20cm | |
| 丛书名: | ||
| 单 册: | ||
| 中图分类: | TK228 | |
| 科图分类: | ||
| 主题词: | 锅炉 | |
| 电子资源: | ||
| ISBN: | 7-5025-2054-6 | |
| 000 | 00521nam0 2200181 450 | |
| 001 | 0754114953 | |
| 005 | 20070929150154.95 | |
| 010 | @a7-5025-2054-6 | |
| 100 | @a20070929d km y0chiy0120 ea | |
| 101 | 0 | @achi |
| 200 | 1 | @a实用化学清洗技术@Ashi yong hua xue qing xi ji shu@f窦照英 编著@Fdou zhao ying bian zhu |
| 210 | @a北京@c化学工业出版社@d1998 | |
| 215 | @a177@c插图@d20cm | |
| 606 | 0 | @a锅炉 |
| 690 | @aTK228@v3 | |
| 701 | 0 | @a窦照英@Adou zhao ying@4编著 |
| 801 | 0 | @aCN@bPFT@c20070929 |
| 905 | @a213230@dTK228@eh2@f1 | |
| 实用化学清洗技术/窦照英 编著.-北京:化学工业出版社,1998 |
| 177:插图;20cm |
| ISBN 7-5025-2054-6: |
| ● |
| 相关链接 |
|
|
|
|
正题名:实用化学清洗技术
索取号:TK228/h2
 
预约/预借
| 序号 | 登录号 | 条形码 | 馆藏地/架位号 | 状态 | 备注 |
| 1 | 6001427 | 260014273 | 密集书库-化学系/ [索取号:TK228/h2] | 在馆 |